00373nam a2200145Ia 4500003000400000008004100004040001600045082001300061100001800074245004200092260005100134300001000185650001100195650002100206GCL140319s9999 xx 000 0 eng d aGCL / cGCL04a170bQ M1 aQUINN, WARREN10aMORALITY AND ACTION / cQUINN, WARREN a[S.N] : bCAMLRIDGE UNIVERSITY PRESS ، c1993 a255\P04aETHICS04aACT (PHILOSOPHY)